Využitie marketingu v bankovej praxi

Pojem bankový marketing. Potreba marketingu služieb. Analýza konkurentov. Podnikateľské ciele banky. Výskum trhu. Špecifiká bankového produktu. Segmentácia firemných klientov. Segmentácia obyvateľstva. Špecifiká marketingovej stratégie bankových subjektov. Špecifiká organizačného usporiadania bankov...

Full description

Saved in:
Bibliographic Details
Main Author: Csákóová, Eleonóra
Format: Book Chapter
Language:Slovak
Subjects:
Tags: Add Tag
No Tags, Be the first to tag this record!

MARC

LEADER 00000naa a2200000 4500
001 r025124
005 20221130073313.8
041 0 |a slo 
044 |a SK 
245 1 0 |a Využitie marketingu v bankovej praxi  |c E. Csákóová 
520 |a Pojem bankový marketing. Potreba marketingu služieb. Analýza konkurentov. Podnikateľské ciele banky. Výskum trhu. Špecifiká bankového produktu. Segmentácia firemných klientov. Segmentácia obyvateľstva. Špecifiká marketingovej stratégie bankových subjektov. Špecifiká organizačného usporiadania bankových subjektov. 
610 2 0 |a marketing 
610 2 0 |a banky 
610 2 0 |a služby bankové 
610 2 0 |a konkurencia 
610 2 0 |a ciele podnikové 
610 2 0 |a výskum trhu 
610 2 0 |a klienti 
610 2 0 |a segmentácia trhu 
610 2 0 |a obyvateľstvo 
610 2 0 |a stratégia marketingová 
610 2 0 |a štruktúra organizačná 
610 2 0 |a pojmy 
100 1 |a Csákóová, Eleonóra